|
|
|
|
| LEADER |
00000cam a22000004a 4500 |
| 001 |
musev2_74271 |
| 003 |
MdBmJHUP |
| 005 |
20230905051708.0 |
| 006 |
m o d |
| 007 |
cr||||||||nn|n |
| 008 |
100411s1995 mx o 00 0 spa d |
| 020 |
|
|
|a 9786075641294
|
| 020 |
|
|
|z 9789681206239
|
| 035 |
|
|
|a (OCoLC)1110667205
|
| 040 |
|
|
|a MdBmJHUP
|c MdBmJHUP
|
| 245 |
0 |
0 |
|a Participación política :
|b las mujeres en México al final del milenio /
|c Anna M. Fernández Poncela, compiladora
|
| 250 |
|
|
|a Primera edición
|
| 264 |
|
1 |
|a Mexico, D.F. :
|b El Colegio de Mexico, Programa Interdisciplinario de Estudios de la Mujer,
|c 1995
|
| 264 |
|
3 |
|a Baltimore, Md. :
|b Project MUSE,
|c 2020
|
| 264 |
|
4 |
|c ©1995
|
| 300 |
|
|
|a 1 online resource.
|
| 336 |
|
|
|a text
|b txt
|2 rdacontent
|
| 337 |
|
|
|a computer
|b c
|2 rdamedia
|
| 338 |
|
|
|a online resource
|b cr
|2 rdacarrier
|
| 505 |
0 |
|
|a Las mujeres y la política: encuentros, desencuentros y perspectivas / Anna M. Fernández Poncela -- Participación social y política de las mujeres en Mexico: un estado de la cuestión / Anna M. Fernández Poncela -- Participación política de la mujer en Mexico / Paulina Fernández Christlieb -- Aquí somos familia panista: las mujeres de las colonias populares en el panismo de Ciudad Juárez / Dalia Barrera Bassols -- Participación política de las mujeres en el PRI / Yolanda Rodríguez Ramírez -- Participación política y políticas públicas: cómo hacer el vínculo en el caso de las mujeres? / Teresa Incháustegui Romero -- Apuntes para la elaboración de una propuesta de participación política feminista / Irma Saucedo González -- Participación femenina en el gobierno municipal / Alejandra Massolo -- Las mujeres y la política: encuentros, desencuentros y tropiezos / Carolina O'Farril Tapia -- La mujer en Acción Nacional y su influencia en la sociedad / Gloria León -- La lucha para una ciudadanía plena en el Distrito Federal / Amalia García Medina -- Democracia participativa / María Teresita Aguilar Marmolejo -- Plan de Todas / Ma. Cristina Zepeda P. -- Reflexión y discusión colectiva: las mujeres y la política: encuentros, desencuentros y tropiezos / Alicia Martínez -- Directorio de mujeres que ocuparon cargos públicos en el gobierno mexicano: sexenio 1988-1994
|
| 506 |
0 |
|
|a Open Access
|f Unrestricted online access
|2 star
|
| 588 |
|
|
|a Description based on print version record.
|
| 650 |
|
7 |
|a Women
|x Political activity.
|2 fast
|0 (OCoLC)fst01734136
|
| 650 |
|
7 |
|a Political participation.
|2 fast
|0 (OCoLC)fst01069386
|
| 650 |
|
7 |
|a SOCIAL SCIENCE / Women's Studies
|2 bisacsh
|
| 650 |
|
6 |
|a Participation politique
|z Mexique
|v Congres.
|
| 650 |
|
6 |
|a Femmes
|x Activite politique
|z Mexique
|v Congres.
|
| 650 |
|
0 |
|a Political participation
|z Mexico
|v Congresses.
|
| 650 |
|
0 |
|a Women
|x Political activity
|z Mexico
|v Congresses.
|
| 651 |
|
7 |
|a Mexico.
|2 fast
|0 (OCoLC)fst01211700
|
| 655 |
|
7 |
|a Conference papers and proceedings.
|2 fast
|0 (OCoLC)fst01423772
|
| 655 |
|
7 |
|a Electronic books.
|2 local
|
| 700 |
1 |
|
|a Fernández Poncela, Anna M.
|
| 710 |
2 |
|
|a Colegio de Mexico.
|b Programa Interdisciplinario de Estudios de la Mujer.
|
| 710 |
2 |
|
|a Project Muse.
|e distributor
|
| 830 |
|
0 |
|a Book collections on Project MUSE.
|
| 856 |
4 |
0 |
|z Texto completo
|u https://projectmuse.uam.elogim.com/book/74271/
|